Cuida les platges i cuida't tu
Descripción Física:
1 ventall : col. ; 23 cm
Materias:
Ventalls
MARC
| LEADER | 00000nrm a2200000Ia 4500 | ||
|---|---|---|---|
| 001 | 20719, 21748 | ||
| 008 | 160829s2008- xx 000 0 cat d | ||
| 080 | |a NBM-1-15, NBM-3-18 | ||
| 245 | |a Cuida les platges i cuida't tu |h [Ventall] | ||
| 260 | |a Barcelona : |b Diputació de Barcelona. Direcció de Comunicació, |c 2008- | ||
| 300 | |a 1 ventall : |b col. ; |c 23 cm | ||
| 590 | |a Ventall de cartó de color. | ||
| 590 | |a A la part posterior hi ha les recomanacions sobre el bany i l'exposició al sol | ||
| 655 | 0 | |9 52933 |a Ventalls | |
| 710 | |a Barcelona (Catalunya : Província). |b Direcció de Comunicació |9 53855 | ||
| 866 | |a 2008, 2009 | ||
| 901 | |a Arxiu | ||
| 942 | |n 1 |2 udc | ||
| 952 | |0 0 |1 0 |4 0 |6 NBM115_NBM318 |7 1 |9 51402 |a Arxiu |b Arxiu |d 2016-12-01 |l 0 |o NBM-1-15, NBM-3-18 |p 20719, 21748 |r 2016-12-01 00:00:00 |w 2016-12-01 |y ARXIU | ||
| 999 | |c 55246 |d 55246 | ||